000
00295cam a2200133ua 4500
003
OSt
008
240115b |||||||| |||| 00| 0 eng d
041
_a
mal
082
_a
894.812 301
_b
BBP/MA
245
_a
Marikkatha Pennu /
260
_a
Parur :
_b
B B Printer.
300
_a
96 ; .
942
_c
BK
999
_c
6535
_d
6535